| 000 | 00793pam a2200241 a 4500 | ||
|---|---|---|---|
| 001 | 3368162 | ||
| 003 | NUST-PNEC | ||
| 005 | 20170116180717.0 | ||
| 008 | 870723s1987 mau d 000 0 eng | ||
| 010 | _a 87021956 | ||
| 020 | _a087779488X | ||
| 040 | _cPNEC | ||
| 050 | 0 | 0 |
_aPE1628 _b.W5524 1987 |
| 082 | 0 | 0 | _a423 WEB |
| 100 |
_9724 _aWebster |
||
| 245 | 0 | 0 |
_aWebster's compact dictionary. _cWebster |
| 260 |
_aSpringfield, Mass. : _bMerriam-Webster, _cc1987. |
||
| 300 |
_avii, 424 p. ; _c15 cm. |
||
| 500 | _ahttp://www.amazon.com/Websters-Compact-Dictionary-Merriam-Webster/dp/087779488X/ref=sr_1_1?s=books&ie=UTF8&qid=1413879884&sr=1-1&keywords=087779488x | ||
| 650 | 0 |
_aEnglish language _xDictionaries. |
|
| 906 |
_a7 _bcbc _corignew _d1 _eocip _f19 _gy-gencatlg |
||
| 942 |
_2ddc _cBK |
||
| 999 |
_c61203 _d61203 |
||